Probabilidad y Estadística / (Record no. 122572)

MARC details
000 -LEADER
campo de control de longitud fija 00747nam a2200193 4500
001 - NÚMERO DE CONTROL
campo de control 122572
003 - IDENTIFICADOR DE NÚMERO DE CONTROL
campo de control ES-MaACL
007 - CAMPO FIJO DE DESCRIPCIÓN FÍSICA--INFORMACIÓN GENERAL
campo de control de longitud fija t|
008 - DATOS DE LONGITUD FIJA--INFORMACIÓN GENERAL
campo de control de longitud fija 070214s1974 ck r ||||1| spa d
110 2# - ENTRADA PRINCIPAL--NOMBRE DE ENTIDAD CORPORATIVA
Nombre de entidad corporativa o nombre de jurisdicción como elemento de entrada Open University.
Unidad subordinada Mathematica Foundation Course Team.
9 (RLIN) 6032
245 10 - MENCIÓN DEL TÍTULO
Título Probabilidad y Estadística /
Mención de responsabilidad, etc. preparado por el equipo del Curso Básico de Matemáticas ; traductor: Luis Hernán Rodríguez.
260 ## - PUBLICACIÓN, DISTRIBUCIÓN, ETC.
Lugar de publicación, distribución, etc. Bogotá [etc.] :
Nombre del editor, distribuidor, etc. McGraw-Hill,
Fecha de publicación, distribución, etc. 1974.
300 ## - DESCRIPCIÓN FÍSICA
Extensión 3 v. ;
Dimensiones 28 cm.
490 1# - MENCIÓN DE SERIE
Mención de serie The Open University. Curso básico de Matemáticas
700 1# - ENTRADA AGREGADA--NOMBRE PERSONAL
Nombre de persona Hernán Rodríguez, Luis.
9 (RLIN) 62778
830 04 - PUNTO DE ACCESO ADICIONAL DE SERIE-TÍTULO UNIFORME
Título uniforme The Open University.
Nombre de parte o sección de la obra Curso básico de matemáticas
9 (RLIN) 186568
852 ## - LOCALIZACIÓN
Ubicación ES-MaACL
Número de control de estantería B-9994-5-bis
Sublocalización o colección R.93417
Holdings
Estatus retirado Estado de pérdida Estado de daño No para préstamo Biblioteca de origen Biblioteca actual Ubicación en estantería Fecha de adquisición Fuente de adquisición Total de préstamos Signatura topográfica completa Código de barras Visto por última vez Precio de reemplazo Tipo de ítem Koha
        Biblioteca del Ateneo de Madrid Biblioteca del Ateneo de Madrid Sala Pardo Bazán 17/01/2008     B-9994-5-bis 1127723 23/02/2023 23/02/2023 Libro impreso